LDR 01153naa#a2200217#i#450# 001 EN\\bibl\126630 005 20260703185936.5 011 ## _a2587-6740 100 ## _a20260615b2026####ek#y0engy0150####ca 102 ## _aRU 200 1# _aState support for the integration of cattle breeding and agrotourism in the context of global challenges _eJournal article 210 1# _aMoscow _cElectronic science _d2026 215 ## _a4 с. 608 ## _aJournal article _2local 675 ## _aЭкономика сельского хозяйства. Продовольственный комплекс. 338.43 _aОбщее животноводство. Разведение млекопитающих животных и птиц. Скотоводство. Домашние животные и их разведение. 636 _aЭкономическая политика в области туризма. Экономика туризма. 338.48 _z 700 #1 _aDzhancharova _gGulnara Karimhanovna 700 #1 _aEroshkin _gSergey Yur'evich 700 #1 _aLebedeva _gOlga Evgen'evna 700 #1 _aLebedev _gKonstantin Anatol'evich 700 #1 _aBerdalin _gAmangali Bisembayuly 856 4# _aqje.su _u